Propuesta de un manual de seguridad e higiene para el beneficio seco de la central de cooperativas PRODECOOP R.L en el municipio de Palacagüina departamento de Madriz
Presenta la propuesta de un manual de seguridad e higiene para el beneficio seco de la central de cooperativas PRODECOOP R.L en el municipio de Palacagüina departamento de Madriz en el cual se realizó un diagnóstico de la situación actual en cuanto a seguridad e higiene industrial así como el d...
| Main Authors: | , , |
|---|---|
| Other Authors: | |
| Format: | Tesis Section = Libro |
| Language: | Undetermined Spanish |
| Published: |
Managua
UNI/RUACS
2017
|
| Subjects: |
| LEADER | 01460nam a2200289Ia 4500 | ||
|---|---|---|---|
| 008 | 240830s9999 xx 000 0 und d | ||
| 040 | |a BIBLIOTECA-RUPAP Mon 363.11 P153 | ||
| 041 | |a spa | ||
| 082 | |a Mon 363.11 P153 | ||
| 100 | 1 | |a Palacios Rizo, Víctor Manuel | |
| 100 | 1 | |b Paniagua Soriano, Francis Idalia | |
| 100 | 1 | |c Pineda Pastora, Xilonem Claribell | |
| 245 | 1 | 0 | |a Propuesta de un manual de seguridad e higiene para el beneficio seco de la central de cooperativas PRODECOOP R.L en el municipio de Palacagüina departamento de Madriz |
| 260 | |a Managua |b UNI/RUACS |c 2017 | ||
| 300 | |a 620 p. :il. | ||
| 500 | |a Contiene anexos y CD | ||
| 502 | |a Tesis (Ingeniero Industrial)- UNI, 2017. | ||
| 520 | 3 | |a Presenta la propuesta de un manual de seguridad e higiene para el beneficio seco de la central de cooperativas PRODECOOP R.L en el municipio de Palacagüina departamento de Madriz en el cual se realizó un diagnóstico de la situación actual en cuanto a seguridad e higiene industrial así como el diseño de un manual de estrategias y procedimientos para dar respuestas a cualquier emergencia. | |
| 650 | 7 | |a NORMAS TECNICAS Y PROCEDIMIENTOS LABORALES | |
| 650 | 7 | |b HIGIENE Y SEGURIDAD – MANUAL | |
| 650 | 7 | |c SEGURIDAD E HIGIENE INDUSTRIAL | |
| 650 | 7 | |d SEGURIDAD E HIGIENE DEL TRABAJO | |
| 650 | 7 | |e ACCIDENTES DE TRABAJO | |
| 700 | 1 | |a Tutor: |b Valdivia García, Claudia Tatiana | |
| 942 | |c BK |2 ddc | ||
| 991 | |a TESIS | ||
| 999 | |c 15482 | ||